|
|
|
|
| LEADER |
01163nam a22003372i 4500 |
| 001 |
001529956 |
| 003 |
CZ BrMZK |
| 005 |
20161011095935.0 |
| 007 |
ta |
| 008 |
160606s1992 xr er|||||||||||cze d |
| 015 |
|
|
|a cnb000069996
|
| 035 |
|
|
|a (OCoLC)39596981
|
| 040 |
|
|
|a ABA001
|b cze
|d ABA001
|d BOA001
|e rda
|
| 080 |
9 |
|
|a 377
|
| 080 |
9 |
|
|a 63
|
| 080 |
9 |
|
|a 663/664
|
| 100 |
1 |
|
|a Píchová, Jaroslava
|4 aut
|
| 245 |
1 |
0 |
|a Systém vzdělávání pracovníků v zemědělství a potravinářském průmyslu v Čechách a na Moravě /
|c zpracovaly Jaroslava Píchová, Dagmar Krýzová
|
| 264 |
|
1 |
|a Praha :
|b Agrospoj,
|c 1992
|
| 300 |
|
|
|a 48 stran ;
|c 20 cm
|
| 336 |
|
|
|a text
|b txt
|2 rdacontent
|
| 337 |
|
|
|a bez média
|b n
|2 rdamedia
|
| 338 |
|
|
|a svazek
|b nc
|2 rdacarrier
|
| 550 |
|
|
|a Vydavatel: Ministerstvo zemědělství České republiky
|
| 655 |
|
7 |
|a přehledy
|7 fd133202
|2 czenas
|
| 700 |
1 |
|
|a Krýzová, Dagmar
|4 aut
|
| 710 |
1 |
|
|a Česko.
|b Ministerstvo zemědělství
|7 kn20010725025
|4 isb
|
| 910 |
|
|
|a BOA001
|b X-0981.096
|
| 990 |
|
|
|a BK
|
| 991 |
|
|
|b 201605
|
| 996 |
6 |
|
|b 2619155043
|c X-0981.096
|l MZK
|r Sklad / do 24 hodin
|n 0
|w 001565042
|u 000010
|a 1
|e BOA001
|j MZK50
|s P
|